Architecture conceptual to the manifest / (Record no. 9354)
[ view plain ]
| 000 -LEADER | |
|---|---|
| fixed length control field | 00706cam a2200205 i 4500 |
| 005 - DATE AND TIME OF LATEST TRANSACTION | |
| control field | 20230105131823.0 |
| 008 - FIXED-LENGTH DATA ELEMENTS--GENERAL INFORMATION | |
| fixed length control field | 130705s2012 ii ab b 000 0 eng d |
| 020 ## - INTERNATIONAL STANDARD BOOK NUMBER | |
| International Standard Book Number | 9788190852814 (pbk.) |
| 041 ## - LANGUAGE CODE | |
| Language code of text/sound track or separate title | eng. |
| 082 04 - DEWEY DECIMAL CLASSIFICATION NUMBER | |
| Classification number | 720.954 |
| Edition number | 23 |
| Item number | JAI |
| 100 1# - MAIN ENTRY--PERSONAL NAME | |
| Personal name | Jain, Kulbhushan, |
| Relator term | author. |
| 245 10 - TITLE STATEMENT | |
| Title | Architecture conceptual to the manifest / |
| Statement of responsibility, etc | Kulbhushan Jain. |
| 246 30 - VARYING FORM OF TITLE | |
| Title proper/short title | Conceptual to the manifest |
| 300 ## - PHYSICAL DESCRIPTION | |
| Extent | viii, 191 pages : |
| Other physical details | illustrations (chiefly color), color maps ; |
| Dimensions | 23 cm |
| 504 ## - BIBLIOGRAPHY, ETC. NOTE | |
| Bibliography, etc | Includes bibliographical references (pages 188-191). |
| 650 #0 - SUBJECT ADDED ENTRY--TOPICAL TERM | |
| Topical term or geographic name as entry element | Architecture |
| Geographic subdivision | India |
| General subdivision | History. |
| 650 #0 - SUBJECT ADDED ENTRY--TOPICAL TERM | |
| Topical term or geographic name as entry element | Architecture |
| General subdivision | History. |
| 710 2# - ADDED ENTRY--CORPORATE NAME | |
| Corporate name or jurisdiction name as entry element | Art Architecture and Design India Centre. |
| 942 ## - ADDED ENTRY ELEMENTS (KOHA) | |
| Source of classification or shelving scheme | |
| Withdrawn status | Lost status | Source of classification or shelving scheme | Damaged status | Koha normalized classification for sorting | Not for loan | Permanent location | Current location | Date acquired | Cost, normal purchase price | Total Checkouts | Full call number | Barcode | Date last seen | Date last borrowed | Price effective from | Koha item type | Source of acquisition | Cost, replacement price | Shelving location |
|---|---|---|---|---|---|---|---|---|---|---|---|---|---|---|---|---|---|---|---|
| 720_954000000000000_JAI | BMS College of Architecture, Design and Planning | BMS College of Architecture, Design and Planning | 2020-03-03 | 1200.00 | 2 | 720.954 JAI | CL-UG62452 | 2023-12-21 | 2023-12-01 | 2020-03-03 | UG Books from CL | ||||||||
| 720_954000000000000_JAI | BMS College of Architecture, Design and Planning | BMS College of Architecture, Design and Planning | 2020-03-03 | 1800.00 | 720.954 JAI | CL-UG69228 | 2020-03-03 | 2020-03-03 | UG Books from CL | ||||||||||
| 720_954000000000000_JAI | BMS College of Architecture, Design and Planning | BMS College of Architecture, Design and Planning | 2021-04-07 | 1 | 720.954 JAI | AR-UG2191 | 2022-06-04 | 2022-05-12 | 2021-04-07 | UG Books | |||||||||
| 720_954000000000000_JAI | BMS College of Architecture, Design and Planning | BMS College of Architecture, Design and Planning | 2023-01-05 | 900.00 | 720.954 JAI | AR-UG2937 | 2023-01-06 | 2023-01-05 | UG Books | 8 | 1500.00 | ||||||||
| 720_954000000000000_JAI | BMS College of Architecture, Design and Planning | BMS College of Architecture, Design and Planning | 2025-12-16 | 720.954 JAI | AR-UG5132 | 2026-02-10 | 2026-02-10 | UG Books | General Stacks |